000
00292nam a22001217a 4500
008
171207b xxu||||| |||| 00| 0 eng d
041
_a
eng
080
_2
7 ED
_a
33
100
_a
50
101
_a
ECO
245
_a
ESSENTIAL FOUNDATION FOUNDATIONS OF ECONOMICS
_c
BADE.R
942
_2
udc
_c
BK
999
_c
38811
_d
38811